000 00414nam a22001697a 4500
005 20160530102756.0
008 160530b xxu||||| |||| 00| 0 eng d
020 _a81-203-2221-5
041 _aeng
082 _b5942
100 _aKarder Frank R
_91484
245 _aConsumer Prehaviour and Managerial Decision Making
260 _aNew Delhi
_bPHI,
300 _a403
650 _aManagement
_9241
942 _cBK
999 _c2102
_d2101